[Event "Krakow op-B 31st"]
[Site "Krakow"]
[Date "2020.12.28"]
[Round "2"]
[White "Musial, Tomasz"]
[Black "Ociepka, Tomasz"]
[Result "1-0"]
[WhiteElo "2026"]
[BlackElo "1857"]
[PlyCount "121"]
[EventDate "2020.12.27"]
[EventType "swiss"]
[EventRounds "9"]
[EventCountry "POL"]
[SourceTitle "CBM 200 Extra"]
[Source "ChessBase"]
[SourceDate "2021.03.31"]
[SourceVersion "1"]
[SourceVersionDate "2021.03.31"]
[SourceQuality "1"]

1. d4 Nf6 2. c4 g6 3. Nf3 Bg7 4. g3 c6 5. Bg2 0-0 6. 0-0 d5 7. Nbd2 Nbd7 8. b3 e5 9. dxe5 Ng4 10. cxd5 cxd5 11. Bb2 Ngxe5 12. Nd4 Nf6 13. Qc2 Bd7 14. Rad1 Rc8 15. Qb1 Qe7 16. Qa1 Rfe8 17. a4 a6 18. Rfe1 Qb4 19. N4f3 Nxf3+ 20. Nxf3 Nh5 21. Bxg7 Nxg7 22. Ne5 Be6 23. Bxd5 Bxd5 24. Rxd5 Qc3 25. Qxc3 Rxc3 26. Nd7 Rc6 27. Nc5 Ne6 28. Nxe6 Rexe6 29. Rd7 Rb6 30. Rd3 Rec6 31. e4 Rc2 32. Ree3 Kf8 33. Rc3 Rb2 34. Rf3 Rc6 35. Rxc6 bxc6 36. Rc3 a5 37. Kg2 Ke7 38. Kf3 Kd6 39. h4 h5 40. Ke3 Rb1 41. Kd4 Rd1+ 42. Rd3 Re1 43. Rf3 Ke6 44. Re3 Rc1 45. Rc3 Rd1+ 46. Kc5 Kd7 47. Kb6 Rd4 48. Kxa5 Rxe4 49. Kb6 Rb4+ 50. Kc5 Rb8 51. Rf3 f5 52. Rd3+ Kc7 53. b4 Re8 54. Re3 Ra8 55. a5 Rb8 56. Re7+ Kd8 57. Rg7 Rb5+ 58. Kxc6 Rxb4 59. a6 Ra4 60. a7 Ke8 61. Rg8+ 1-0

[Event "POL-chT 2nd League"]
[Site "Poronin"]
[Date "2020.09.05"]
[Round "1.14"]
[White "Ociepka, Tomasz"]
[Black "Adamczewski, Maciej"]
[Result "0-1"]
[WhiteElo "1888"]
[BlackElo "2043"]
[PlyCount "104"]
[EventDate "2020.09.05"]
[EventType "team-swiss"]
[EventRounds "9"]
[EventCountry "POL"]
[SourceTitle "CBM 198 Extra"]
[Source "ChessBase"]
[SourceDate "2020.11.30"]
[SourceVersion "1"]
[SourceVersionDate "2020.11.30"]
[SourceQuality "1"]
[WhiteTeam "Zory Roszada"]
[BlackTeam "Strzelce Opolskie Strzelec"]
[WhiteTeamCountry "POL"]
[BlackTeamCountry "POL"]

1. e4 e6 2. d4 d5 3. Nd2 c5 4. exd5 exd5 5. Ngf3 Nf6 6. Bd3 Be7 7. dxc5 Bxc5 8. Nb3 Be7 9. 0-0 0-0 10. Nbd4 Re8 11. h3 Nbd7 12. Bf4 Nc5 13. Nb5 Ne6 14. Bh2 a6 15. Nbd4 Nc5 16. Re1 Qb6 17. Rb1 Bd7 18. Ne5 Ba4 19. Nf5 Bf8 20. Qf3 Bd7 21. Nxd7 Ncxd7 22. Ne3 Qa5 23. c3 Qxa2 24. Red1 Ne5 25. Bxe5 Rxe5 26. Bc2 Qa5 27. Nf5 Qb6 28. Qg3 Nd7 29. Rd4 Rae8 30. Ne3 Nf6 31. Qf3 Bc5 32. Rd3 Bxe3 33. fxe3 Rxe3 34. Rxe3 Rxe3 35. Qf2 Re6 36. Qxb6 Rxb6 37. Bd1 Ne4 38. Bc2 g6 39. Kh2 f5 40. g3 Kf7 41. Kg2 Ke6 42. Kh2 Ke5 43. Kg2 g5 44. Kh2 h6 45. Kg2 f4 46. gxf4+ gxf4 47. Kh2 f3 48. c4 dxc4 49. Re1 Rxb2 50. Rxe4+ Kd5 51. Rf4 Rxc2+ 52. Kg3 f2 0-1

[Event "Krakow op-B 29th"]
[Site "Krakow"]
[Date "2018.12.31"]
[Round "6"]
[White "Ociepka, Tomasz"]
[Black "Dziewonski, Dariusz"]
[Result "1-0"]
[WhiteElo "1907"]
[BlackElo "1757"]
[PlyCount "81"]
[EventDate "2018.12.27"]
[EventType "swiss"]
[EventRounds "9"]
[EventCountry "POL"]
[SourceTitle "CBM 189 Extra"]
[Source "ChessBase"]
[SourceDate "2019.06.03"]
[SourceVersion "1"]
[SourceVersionDate "2019.06.03"]
[SourceQuality "1"]

1. e4 c5 2. Nf3 e6 3. d4 cxd4 4. Nxd4 a6 5. Bd3 Nf6 6. 0-0 Qc7 7. Qe2 d6 8. c4 b6 9. Nc3 Bb7 10. f4 Nbd7 11. h3 g6 12. f5 e5 13. Nf3 Bg7 14. Bd2 Nc5 15. Rac1 Rc8 16. Nd5 Nxd5 17. exd5 0-0 18. Ng5 Qe7 19. Ne4 Nxe4 20. Qxe4 Rb8 21. Qg4 Bc8 22. Be4 Bd7 23. Be3 Rfc8 24. h4 Bf6 25. h5 g5 26. h6 Kh8 27. Rf3 Rg8 28. b4 Qd8 29. Qh5 Be8 30. Rg3 Be7 31. f6 Bxf6 32. Rf1 Be7 33. Rxf7 Rf8 34. Rxh7+ Kg8 35. Rg7+ Kh8 36. Qe2 Rf4 37. Bxf4 exf4 38. Bd3 Bg6 39. Bxg6 Bf6 40. Rh7+ Kg8 41. Qe6+ 1-0

[Event "Krakow op-B 29th"]
[Site "Krakow"]
[Date "2018.12.29"]
[Round "3"]
[White "Adamczewski, Maciej"]
[Black "Ociepka, Tomasz"]
[Result "1-0"]
[WhiteElo "2080"]
[BlackElo "1907"]
[PlyCount "55"]
[EventDate "2018.12.27"]
[EventType "swiss"]
[EventRounds "9"]
[EventCountry "POL"]
[SourceTitle "CBM 189 Extra"]
[Source "ChessBase"]
[SourceDate "2019.06.03"]
[SourceVersion "1"]
[SourceVersionDate "2019.06.03"]
[SourceQuality "1"]

1. d4 Nf6 2. c4 c5 3. d5 g6 4. Nc3 Bg7 5. Nf3 0-0 6. e4 d6 7. h3 b5 8. cxb5 a6 9. bxa6 Bxa6 10. Bxa6 Nxa6 11. 0-0 Rb8 12. Qe2 Qb6 13. Nd2 Nc7 14. Nc4 Qa7 15. Rd1 Nd7 16. Bf4 Nb6 17. Nxd6 exd6 18. Bxd6 Rfe8 19. Bxc5 Qb7 20. Be3 Nd7 21. Rac1 Qxb2 22. Rc2 Qa3 23. Rdc1 Na6 24. Nb5 Qe7 25. a3 Nb6 26. Rc6 Qd8 27. Nd6 Re7 28. Qxa6 1-0

[Event "POL-chT 2nd League"]
[Site "Szklarska Poreba"]
[Date "2017.09.08"]
[Round "7.14"]
[White "Ociepka, Tomasz"]
[Black "Kowalski, Maciej"]
[Result "0-1"]
[WhiteElo "1899"]
[BlackElo "2060"]
[PlyCount "64"]
[EventDate "2017.09.02"]
[EventType "team-swiss"]
[EventRounds "9"]
[EventCountry "POL"]
[SourceTitle "CBM 180 Extra"]
[Source "ChessBase"]
[SourceDate "2017.10.06"]
[SourceVersion "1"]
[SourceVersionDate "2017.10.06"]
[SourceQuality "1"]
[WhiteTeam "Roszada Zory"]
[BlackTeam "Grzybowo GKSz Solny"]
[WhiteTeamCountry "POL"]
[BlackTeamCountry "POL"]

1. e4 c5 2. Nf3 Nc6 3. d4 cxd4 4. Nxd4 Nf6 5. Nc3 d6 6. Be2 e6 7. 0-0 Be7 8. Be3 0-0 9. f4 Qc7 10. Qe1 a6 11. Qg3 Na5 12. e5 Ne8 13. Ne4 Nc4 14. Bxc4 Qxc4 15. Rad1 Qc7 16. f5 exf5 17. Nxf5 Bxf5 18. Rxf5 Qxc2 19. Qg4 dxe5 20. Rd7 Rd8 21. Rf2 Qc8 22. Rfd2 f5 23. Rxd8 Bxd8 24. Qd1 Be7 25. Qb3+ Kh8 26. Ng5 f4 27. Rc2 Qf5 28. Ne6 fxe3 29. Nxf8 e2 30. Rc1 Bc5+ 31. Kh1 Qf1+ 32. Rxf1 exf1Q# 0-1

[Event "Slask-ch Bak Memorial"]
[Site "Chorzow"]
[Date "2016.09.17"]
[Round "2"]
[White "Smolka, Robert"]
[Black "Ociepka, Tomasz"]
[Result "0-1"]
[WhiteElo "1362"]
[BlackElo "1915"]
[PlyCount "37"]
[EventDate "2016.09.17"]
[EventType "swiss"]
[EventRounds "9"]
[EventCountry "POL"]
[SourceTitle "EXT 2018"]
[Source "ChessBase"]
[SourceDate "2017.10.13"]
[SourceVersion "1"]
[SourceVersionDate "2017.10.13"]
[SourceQuality "1"]

1. e4 c5 2. Nf3 e6 3. Nc3 d6 4. d4 cxd4 5. Nxd4 a6 6. g3 b5 7. Bg2 Bb7 8. b3 Qc7 9. Bb2 Nf6 10. Qd3 Nbd7 11. b4 Ne5 12. Qe2 Nc4 13. Bc1 Be7 14. Bf1 d5 15. exd5 Bxb4 16. Bd2 Nxd2 17. Qxd2 Bxc3 18. Nc6 Bxd2+ 19. Kxd2 0-1

[Event "Krakow Europejski op"]
[Site "Krakow"]
[Date "2016.05.06"]
[Round "7"]
[White "Ociepka, Tomasz"]
[Black "Grabarczyk, Miroslaw"]
[Result "0-1"]
[WhiteElo "1927"]
[BlackElo "2442"]
[PlyCount "68"]
[EventDate "2016.05.01"]
[EventType "swiss"]
[EventRounds "9"]
[EventCountry "POL"]
[SourceTitle "EXT 2018"]
[Source "ChessBase"]
[SourceDate "2017.10.13"]
[SourceVersion "1"]
[SourceVersionDate "2017.10.13"]
[SourceQuality "1"]

1. e4 c6 2. d4 d5 3. exd5 cxd5 4. Bd3 Nc6 5. c3 Qc7 6. h3 Nf6 7. Nf3 g6 8. 0-0 Bg7 9. Re1 0-0 10. Qe2 Bf5 11. Nbd2 Bxd3 12. Qxd3 Nd7 13. Nf1 a6 14. Bg5 e6 15. Qd2 Rfe8 16. Bf4 Qd8 17. Ne5 Ndxe5 18. dxe5 Qc7 19. Qe2 b5 20. Nh2 Rac8 21. Nf3 Na5 22. Nd4 Qb7 23. Rad1 Nc4 24. Rb1 a5 25. Red1 Rc7 26. Ra1 Rec8 27. Rac1 Qb6 28. Ra1 b4 29. cxb4 Qxb4 30. Rab1 h6 31. a3 Qb8 32. Qg4 Rb7 33. Qg3 g5 34. Nxe6 fxe6 0-1

[Event "Krakow Malopolski-chA"]
[Site "Krakow"]
[Date "2013.05.03"]
[Round "7"]
[White "Ociepka, Tomasz"]
[Black "Lis, Mateusz"]
[Result "0-1"]
[WhiteElo "1812"]
[BlackElo "1687"]
[PlyCount "118"]
[EventDate "2013.04.28"]
[EventType "swiss"]
[EventRounds "9"]
[EventCountry "POL"]
[SourceTitle "CBM 154 Extra"]
[Source "ChessBase"]
[SourceDate "2013.06.25"]
[SourceVersion "2"]
[SourceVersionDate "2013.06.25"]
[SourceQuality "1"]

1. d4 Nf6 2. c4 g6 3. Nc3 Bg7 4. e4 d6 5. f3 0-0 6. Be3 a6 7. Qd2 Nbd7 8. g4 c5 9. d5 Rb8 10. h3 Qa5 11. Bh6 b5 12. Bxg7 Kxg7 13. b3 bxc4 14. Bxc4 Nb6 15. Bd3 e6 16. dxe6 Bxe6 17. Nge2 Bxb3 18. 0-0 Be6 19. f4 Na4 20. f5 Bd7 21. fxg6 fxg6 22. Rab1 c4 23. Bc2 Rxb1 24. Rxb1 Qc5+ 25. Kg2 Nxg4 26. hxg4 Qf2+ 27. Kh1 Bxg4 28. Rb7+ Kh8 29. Qd4+ Qxd4 30. Nxd4 Nxc3 31. a3 Bf3+ 32. Nxf3 Rxf3 33. Kg2 Re3 34. Kf1 Nxe4 35. a4 Ng3+ 36. Kg1 Re1+ 37. Kf2 Re2+ 38. Kxg3 Rxc2 39. Rb6 Ra2 40. Rxa6 c3 41. Rxd6 Rxa4 42. Rc6 Ra2 43. Rxc3 Kg7 44. Kg4 Ra4+ 45. Kg3 h5 46. Rc6 Kh6 47. Rc5 h4+ 48. Kh3 g5 49. Rc6+ Kh5 50. Rc8 Ra3+ 51. Kh2 Ra2+ 52. Kh1 h3 53. Rg8 Kh4 54. Kg1 g4 55. Rh8+ Kg3 56. Kf1 h2 57. Rh7 h1Q+ 58. Rxh1 Ra1+ 59. Ke2 Rxh1 0-1

[Event "Krakow op-B 23rd"]
[Site "Krakow"]
[Date "2013.01.04"]
[Round "9"]
[White "Lis, Mateusz"]
[Black "Ociepka, Tomasz"]
[Result "0-1"]
[WhiteElo "1681"]
[BlackElo "1852"]
[PlyCount "94"]
[EventDate "2012.12.27"]
[EventType "swiss"]
[EventRounds "9"]
[EventCountry "POL"]
[SourceTitle "CBM 152 Extra"]
[Source "ChessBase"]
[SourceDate "2013.02.25"]
[SourceVersion "1"]
[SourceVersionDate "2013.02.25"]
[SourceQuality "1"]

1. e4 c5 2. Nf3 e6 3. d4 cxd4 4. Nxd4 Nf6 5. Nc3 d6 6. Be2 a6 7. a4 Be7 8. 0-0 0-0 9. Be3 b6 10. f3 Bb7 11. Qe1 Qc7 12. Qf2 Nbd7 13. Nb3 Rfd8 14. Rfd1 Rac8 15. Rac1 Rf8 16. Qf1 Ra8 17. Na2 Nc5 18. Nxc5 bxc5 19. c4 Bc6 20. Nc3 Rab8 21. Rd2 Rb4 22. Bd1 Rfb8 23. Qe2 Nd7 24. b3 Ne5 25. f4 Nd7 26. Bf2 Rd8 27. Bc2 Bf6 28. Nd1 Ba8 29. Be3 g6 30. Nf2 Nb8 31. Ng4 Bc3 32. Rd3 Bg7 33. Bd2 Rb7 34. Bc3 Bxc3 35. Rxc3 Nc6 36. Qf2 Nd4 37. Rd3 Qe7 38. Rxd4 cxd4 39. Qxd4 e5 40. Qc3 f6 41. f5 gxf5 42. Nh6+ Kh8 43. Nxf5 Qe6 44. Qa5 Rbb8 45. Qxa6 Qc8 46. Qa7 Qc5+ 47. Qxc5 dxc5 0-1

[Event "Krakow op-B 23rd"]
[Site "Krakow"]
[Date "2012.12.29"]
[Round "4"]
[White "Ociepka, Tomasz"]
[Black "Slabek, Grzegorz"]
[Result "0-1"]
[WhiteElo "1852"]
[BlackElo "2074"]
[PlyCount "94"]
[EventDate "2012.12.27"]
[EventType "swiss"]
[EventRounds "9"]
[EventCountry "POL"]
[SourceTitle "CBM 152 Extra"]
[Source "ChessBase"]
[SourceDate "2013.02.25"]
[SourceVersion "1"]
[SourceVersionDate "2013.02.25"]
[SourceQuality "1"]

1. e4 d5 2. exd5 Nf6 3. Bb5+ Bd7 4. Be2 Nxd5 5. d4 Bf5 6. Nf3 e6 7. 0-0 Be7 8. a3 0-0 9. c4 Nf6 10. Nc3 h6 11. h3 Nbd7 12. Bf4 Ne4 13. Nxe4 Bxe4 14. Nd2 Bf5 15. b4 Bf6 16. Nb3 e5 17. Be3 exd4 18. Nxd4 Be4 19. Ra2 a5 20. Rd2 axb4 21. Nb3 Bf5 22. g4 Be6 23. Nc5 Nxc5 24. Rxd8 Rfxd8 25. Qb1 bxa3 26. Bxc5 a2 27. Qxb7 a1Q 28. Rxa1 Rxa1+ 29. Kg2 Rd2 30. Bf3 Bxc4 31. Qxc7 Bf1+ 32. Kg3 Re1 33. Be3 Rd8 34. Qa5 Ra1 35. Qc7 g5 36. Be4 Re8 37. Qc6 Re6 38. Qc8+ Kg7 39. Bd5 Be5+ 40. Kf3 Rf6+ 41. Ke4 Bb2 42. Qc2 Bg2+ 43. Kd3 Ra3+ 44. Kc4 Rc3+ 45. Qxc3 Bxd5+ 46. Kd3 Bxc3 47. Kxc3 Rc6+ 0-1

[Event "Polanica Zdroj op-B 48th"]
[Site "Polanica Zdroj"]
[Date "2012.08.23"]
[Round "6"]
[White "Duch, Mariusz"]
[Black "Ociepka, Tomasz"]
[Result "1/2-1/2"]
[WhiteElo "2255"]
[BlackElo "1885"]
[PlyCount "72"]
[EventDate "2012.08.18"]
[EventType "swiss"]
[EventRounds "9"]
[EventCountry "POL"]
[SourceTitle "EXT 2014"]
[Source "ChessBase"]
[SourceDate "2013.11.20"]
[SourceVersion "1"]
[SourceVersionDate "2013.11.20"]
[SourceQuality "1"]

1. d4 Nf6 2. c4 e6 3. Nc3 Bb4 4. a3 Bxc3+ 5. bxc3 c5 6. e3 d5 7. Nf3 Nc6 8. Bd3 0-0 9. 0-0 dxc4 10. Bxc4 cxd4 11. cxd4 b6 12. Bb2 Bb7 13. Ne5 Nxe5 14. dxe5 Ne4 15. Bd4 Rc8 16. Qe2 Rxc4 17. Qxc4 Nd2 18. Qa4 Nxf1 19. Rxf1 a6 20. Qb4 Qd5 21. f3 b5 22. Rc1 Rc8 23. Rxc8+ Bxc8 24. Qc3 Qb7 25. Qc5 h6 26. Bc3 Qd7 27. Bb4 Qd1+ 28. Kf2 Qd7 29. Qf8+ Kh7 30. Kg3 Bb7 31. Kh4 Bc6 32. Qc5 Qd5 33. Qb6 Bb7 34. Qc7 Kg6 35. Qc2+ f5 36. Qc7 Qc4+ 1/2-1/2

[Event "Chorzow op"]
[Site "Chorzow"]
[Date "2010.03.24"]
[Round "5"]
[White "Bezimienny, Daniel"]
[Black "Ociepka, Tomasz"]
[Result "1-0"]
[WhiteElo "1828"]
[BlackElo "1871"]
[PlyCount "81"]
[EventDate "2010.03.20"]
[EventType "swiss"]
[EventRounds "9"]
[EventCountry "POL"]
[SourceTitle "EXT 2012"]
[Source "ChessBase"]
[SourceDate "2011.11.24"]
[SourceVersion "1"]
[SourceVersionDate "2011.11.24"]
[SourceQuality "1"]

1. e4 c6 2. Nf3 d5 3. d3 Bg4 4. Be2 e6 5. 0-0 Nf6 6. e5 Nfd7 7. d4 c5 8. c3 Nc6 9. Be3 Qb6 10. b3 cxd4 11. Nxd4 Bxe2 12. Qxe2 Nxd4 13. cxd4 g6 14. Nc3 Be7 15. Rac1 0-0 16. Rc2 Rfc8 17. Rfc1 Qd8 18. g3 Ba3 19. Rd1 a6 20. Nb1 Rxc2 21. Qxc2 Rc8 22. Qd2 Qe7 23. Bg5 Qf8 24. Qe2 Be7 25. Be3 Rc7 26. Rc1 Qc8 27. Qb2 Rxc1+ 28. Bxc1 Bb4 29. a3 Ba5 30. Be3 b5 31. b4 Bd8 32. Nd2 Nb6 33. Nb3 Nc4 34. Qc1 Bb6 35. Bg5 Qf8 36. Nc5 Bxc5 37. bxc5 Qb8 38. Bh6 Na5 39. Qg5 f5 40. Qf6 Qc7 41. Qf8# 1-0